[Event "Klubbmesterskapet 2015 (B)"]
[Site "Ås, Akershus NOR"]
[Date "2015.03.19"]
[Round "7"]
[White "Olsen, Trygve"]
[Black "Stensland, Martin"]
[Result "1-0"]
[WhiteElo "1240"]
[BlackElo "1174"]
[PlyCount "85"]
[EventDate "2015.01.15"]

1. e4 e6 2. f4 Nc6 3. Nf3 h6 4. c3 Nf6 5. d3 Be7 6. Be2 O-O 7. O-O b6 8. b4 d6
9. Bb2 Ne8 10. b5 Na5 11. Nd4 f5 12. Bf3 Rb8 13. c4 Bf6 14. Qd2 e5 15. Ne2 exf4
16. Nd4 Bg5 17. exf5 Bb7 18. Ne6 Qe7 19. Nxf8 Qxf8 20. Qe2 Qxf5 21. Nd2 Nf6 22.
Bxf6 Bxf6 23. Rae1 Bxf3 24. Nxf3 Nb7 25. d4 d5 26. a4 Nd6 27. cxd5 Qxd5 28. Qd2
Rf8 29. Qc3 Nc4 30. Re2 Ne3 31. Rfe1 Qd7 32. Ne5 Bxe5 33. dxe5 Qe7 34. Rf2 Kh8
35. Qd4 Qg5 36. Rxe3 (36. e6 $18) 36... f3 (36... Rd8) 37. Rexf3 Rxf3 38. Rxf3
Qc1+ 39. Rf1 Qa3 40. e6 Qe7 41. Qd7 Qc5+ 42. Kh1 Qc4 43. Qf7 1-0

[Event "Klubbmesterskapet 2015 (C)"]
[Site "Ås, Akershus NOR"]
[Date "2015.03.18"]
[Round "7"]
[White "Thorvaldsen, Thomas"]
[Black "Samset, Jon"]
[Result "1-0"]
[WhiteElo "1004"]
[BlackElo "1150"]
[PlyCount "65"]
[EventDate "2015.01.15"]

1. e4 g6 2. d4 Bg7 3. e5 d6 4. f4 dxe5 5. fxe5 Bf5 6. Nf3 Nc6 7. c3 e6 8. Bb5
h6 9. Qa4 Nge7 10. O-O O-O 11. Bf4 g5 12. Bg3 g4 13. Nh4 Qd5 14. Bxc6 bxc6 15.
Nxf5 Nxf5 16. Bf4 h5 17. Nd2 h4 18. Qc4 Qd8 19. Qxc6 Nxd4 20. cxd4 Qxd4+ 21.
Kh1 Bxe5 22. Bxe5 Qxe5 23. Qe4 Qg5 24. Rad1 Rad8 25. Nc4 g3 26. Qe5 Qh6 27.
Rxd8 Rxd8 28. Qxc7 Qf6 29. Ne3 Qd4 30. Qxf7+ Kh8 31. hxg3 Qxe3 32. Qf6+ Kg8 33.
Qxd8+ 1-0

[Event "Klubbmesterskapet 2015 (C)"]
[Site "Ås, Akershus NOR"]
[Date "2015.05.07"]
[Round "7"]
[White "Lange, Magnus Øyvind"]
[Black "Aalmo, Alexander"]
[Result "0-1"]
[WhiteElo "836"]
[BlackElo "1182"]
[PlyCount "70"]
[EventDate "2015.01.15"]

1. d4 d5 2. Nc3 e6 3. Nf3 Be7 4. e3 a6 5. g3 Nf6 6. Bg2 c5 7. O-O Nc6 8. Bd2
O-O 9. Na4 cxd4 10. exd4 Bd7 11. b3 b5 12. Nb2 Ne4 13. Ne5 Nxe5 14. dxe5 Ba3
15. Rb1 Nc5 16. b4 Bxb2 17. Rxb2 Na4 18. Rb3 Rc8 19. Be3 Qc7 20. Bc5 Nxc5 21.
bxc5 Qxe5 22. Re1 Qc7 23. Rc3 Qa5 24. Qa1 b4 25. Rf3 Rxc5 26. Re2 Rfc8 27. Qb2
Qa4 28. Rb3 a5 29. a3 bxa3 30. Rxa3 Qc6 31. Ra2 Rb5 32. Qa1 Rcb8 33. Bf1 Rb1
34. Qd4 Qa6 35. Qd3 Bb5 0-1

[Event "Klubbmesterskapet 2015 (A)"]
[Site "Ås, Akershus NOR"]
[Date "2015.03.26"]
[Round "8"]
[White "Lea, Per"]
[Black "Støle, Andreas"]
[Result "0-1"]
[WhiteElo "1598"]
[BlackElo "1498"]
[Annotator "Støle, Andreas"]
[PlyCount "80"]
[EventDate "2015.01.15"]

1. e4 c5 2. Nf3 g6 {Hyper akselerert drage} 3. d4 cxd4 4. Qxd4 Nf6 5. e5 Nc6 6.
Qa4 Nd5 7. c4 Nc7 $1 8. Qc2 Bg7 (8... Ne6 {Hindrer hvit i å spille Lf4}) 9. Bf4
Ne6 10. Bg3 O-O {Sort har fått en fin stilling, mens hvit har brukt mye tid.}
11. Nc3 Qa5 12. Qa4 Qd8 {En kjedelig tilbaketrekning, men jeg ønsket meg mer
ut av stillingen enn et dronningbytte.} (12... Qxa4 13. Nxa4 Nb4 14. Kd1 b6)
13. O-O-O f6 {Sort knekker opp diagonalen for løperen} 14. exf6 Bxf6 15. Ne4
Bg7 16. Kb1 (16. c5 $1 {Ville gitt hvit et godt grep på stillingen}) 16... Qb6
17. Qc2 d6 {Nå begynner det å bli mye som skjer, samtidig som begge spillere
begynner å få dårlig tid.} 18. a3 Rxf3 {Sort glefser til og hopper inn i
sentrum. Ikke det sunneste kvalitetsofferet, men gir sort mye spill.} 19. gxf3
Ned4 20. c5 dxc5 21. Qxc5 Nxf3 22. Qxb6 axb6 23. Bg2 Nfe5 24. Rc1 Bf5 25. Rhd1
Ra4 26. f3 Nc4 27. Bf1 Ne3 (27... Nxb2 28. Rd2 Nd4 $1 {Et vanskelig trekk å
finne, men som gir sort en noe bedre stilling.} 29. Rxb2 Nxf3 30. Rb4 Rxb4+ 31.
axb4 Bxe4+) 28. Rd2 {Mye spenning i stillingen! Samtidig som tidsnød er et
faktum. Hvit ca 5 min igjen, sort ca 8 min.} Nd4 29. Ka2 Nxf3 30. Rd8+ Kf7 31.
Nc3 Be6+ 32. Kb1 Bxc3 (32... Rd4 {Trekket som vinner, men et litt vanskelig
trekk å finne i tidsnøden} 33. Rxd4 Bxd4 {Hvit klarer ikke å stoppe Se2+ som
vinner materiell}) 33. bxc3 Nd2+ $4 {Tidsnøden setter sitt preg på spillet,
springeren har hoppet i ilden.} 34. Rxd2 {Sort velger å spille ut til
tidskontrollen. Hvit har mindre enn 2 minutter igjen, sort ca 4 minutter.} Rxa3
{Med ett minutt igjen og etter et langt press på brettet kommer hvits fatale
feil.} 35. Kb2 $4 Ra2+ {Nå går skuta ned med både mann og mus} 36. Kb1 Rxd2 37.
Re1 Bf5+ 38. Kc1 (38. Ka1 Nc2+) 38... Rc2+ 39. Kb1 Rf2+ 40. Kc1 Rxf1 {Hvit
kaster inn håndkleet. Et veldig interessant parti hvor tidsnøden setter et
sterkt preg på avslutningen. Sort dro fordel av å ha et tidsovertak selv om
det var en springer som gikk dunken.} 0-1

[Event "Klubbmesterskapet 2015 (A)"]
[Site "Ås, Akershus NOR"]
[Date "2015.03.26"]
[Round "8"]
[White "Thowsen, Alf Geir"]
[Black "Lange, Holger"]
[Result "0-1"]
[WhiteElo "1224"]
[BlackElo "1587"]
[PlyCount "60"]
[EventDate "2015.01.15"]

1. d4 Nf6 2. c4 e6 3. Nc3 Bb4 4. a3 Bxc3+ 5. bxc3 c5 6. e3 O-O 7. Nf3 d5 8.
cxd5 Nxd5 9. Bd2 Nc6 10. Bd3 cxd4 11. cxd4 Nb6 12. Qc2 h6 13. O-O Bd7 14. Rfc1
Rc8 15. Qb1 Re8 16. Bc3 Nd5 17. Ra2 $2 Nxc3 18. Rxc3 Nxd4 $1 19. Rxc8 Nxf3+ 20.
gxf3 Bxc8 21. Rd2 Qa5 22. Ra2 Rd8 23. Qb3 b6 24. Qc4 Bb7 25. Qc7 Qg5+ 26. Kf1
Bxf3 27. Qc2 Qg2+ 28. Ke1 Qg1+ 29. Kd2 Qxf2+ 30. Kc1 Qxe3+ 0-1

[Event "Klubbmesterskapet 2015 (A)"]
[Site "Ås, Akershus NOR"]
[Date "2015.03.26"]
[Round "8"]
[White "Furnes, Torstein"]
[Black "Kielland-Lund, Jon"]
[Result "1/2-1/2"]
[WhiteElo "1681"]
[BlackElo "1547"]
[Annotator "Furnes, Torstein"]
[PlyCount "68"]
[EventDate "2015.01.15"]

1. d4 d5 2. c4 c6 3. cxd5 cxd5 4. Bf4 Nc6 5. e3 Nf6 6. Nc3 Qb6 7. Qc2 ({Jeg
vurderte} 7. Nb5 Qa5+ (7... e5 {er sterkere ifølge Fritz.} 8. Bxe5 Ne4) 8. Qd2
Qxd2+ 9. Kxd2 Ne4+ 10. Ke1 Kd7 {Fritz vurderer stillingen som liten hvit
fordel på ca. 0.3.}) 7... Bf5 $1 8. Bd3 (8. Qxf5 $4 Qxb2 $19) 8... Bxd3 9. Qxd3
e6 (9... Qxb2 $6 10. Rb1 Qa3 11. Rxb7 $14) 10. Nge2 Be7 11. O-O O-O {Så langt
har vi fulgt partier hos chesslive.de. Men hvits neste trekk er ikke spilt før.
} 12. Rab1 $146 Nb4 13. Qd2 a5 14. a3 Nc6 15. h3 Rfc8 16. g4 $6 $15 Qa6 17. f3
b5 18. Qd3 b4 19. Qxa6 Rxa6 20. Nb5 Na7 21. Nxa7 Rxa7 22. a4 Ra6 (22... Rc2)
23. Rfc1 Rc4 24. b3 Rcc6 25. Rxc6 Rxc6 26. Rc1 Rxc1+ 27. Nxc1 Ne8 28. Nd3 Nd6
29. Nc5 g5 30. Bg3 Kf8 31. Kf2 Ke8 32. e4 h6 33. Ke3 ({Hvit kan ikke vinne
a-bonden med} 33. e5 Nc8 34. Nb7 Kd7 35. Nxa5 Kc7 {og den hvite springeren
blir fanget.}) 33... f5 $6 $18 34. exf5 $2 $11 ({Fritz mener hvit vinner etter
} 34. Bxd6 Bxd6 35. Nxe6 {med hvit fordel på over +3. F.eks.} f4+ 36. Kd3 dxe4+
37. Kxe4 Kd7 38. Kd5 $18) 34... exf5 {Fritz vurderer sluttstillingen som helt
lik.} 1/2-1/2

[Event "Klubbmesterskapet 2015 (A)"]
[Site "Ås, Akershus NOR"]
[Date "2015.04.09"]
[Round "8"]
[White "Holm, Bjarne"]
[Black "Brenden, Torbjørn"]
[Result "0-1"]
[WhiteElo "1547"]
[BlackElo "1413"]
[Annotator "Brenden, Torbjørn"]
[PlyCount "126"]
[EventDate "2015.01.15"]

{KM-2015 (Torbjørn Brenden / Fritz 11)} 1. Nf3 Nf6 2. g3 b6 3. Bg2 Bb7 4. d4 g6
5. O-O Bg7 6. Re1 O-O 7. c4 d6 8. Nc3 Ne4 {Stanser midlertidig svarts plan om
å spille e4} 9. Qd3 Nxc3 10. bxc3 {Forhindrer 10. c5 med jevnt spill} Nd7 11.
e4 e5 12. Ng5 $2 h6 $2 (12... exd4 13. cxd4 c5 14. Nf3 cxd4 15. Nxd4 Nc5 $17 {
[%eval -86,0]}) 13. Nh3 Re8 14. a4 a5 $2 (14... exd4 15. cxd4 Nc5 16. dxc5 (16.
Qd1 Bxe4 17. Bxe4 Rxe4 18. Rxe4 Nxe4 $19 {[%eval -121,0]}) 16... Bxa1 {[%eval
-137,0]}) 15. f4 $2 Qc8 $2 (15... exd4 16. cxd4 Nc5 {[%eval -113,0]}) 16. Ra2
Nf6 17. Nf2 Ba6 {Angriper hvits svake dobbeltbonde} 18. Bh3 Qd8 19. Bg2 Rb8 20.
Bf1 $2 Qd7 (20... exd4 21. cxd4 d5 $1 22. e5 Bxc4 23. Qc2 Bxa2 24. Qxa2 $17 {
[%eval -89,0]}) 21. h3 exf4 22. gxf4 d5 $1 {[%eval -146,0]} 23. Qf3 (23. e5
Bxc4 24. Qd2 Bxa2 25. Qxa2 Nh5 $17 {[%eval -162,0]}) 23... dxe4 24. Nxe4 Nxe4
25. Rxe4 Rxe4 26. Qxe4 Re8 27. Qf3 Qf5 $2 (27... c5 28. dxc5 bxc5 29. Re2 Rxe2
30. Qxe2 Qxa4 $17 {[%eval -194,0]}) 28. Re2 Rxe2 29. Qxe2 {Utvekslingen er
over. Svart står bedre pga. hvits dobbeltbonde og den isolerte bonden på f4.
Svarts utfordring er svakheten på c7 og løperen på a6 som er passiv.} Qd7 30.
Qe4 {[%eval -98,0] Remistilbud} Qxa4 $4 {Svart blir så overrasket over
remistilbudet at han umiddelbart gjør en bukk. Tanken var å spille Lc8 først
som muliggjør tilbaketrekning Lc8, x, Dxa4, Da8 #, De8} 31. Qa8+ Kh7 32. Qxa6
Qd1 $2 (32... Qc2 33. Be3 Qxc3 34. Kf2 Bxd4 35. Bxd4 Qxd4+ $13 {[%eval -107,0]}
) 33. Bb2 {Hvit finner det beste trekket} Qf3 34. Qc8 $2 {Dronningen vil til g4
} Qxf4 $4 (34... Qe3+ 35. Kh1 Qf2 36. Bg2 Qxb2 $19 {[%eval -213,0]}) 35. Qg4
Qe3+ 36. Kg2 h5 37. Qe2 Qg5+ 38. Kh1 Qf4 {dekker både c7 og f7} 39. Ba3 Qg3 40.
Qd3 Qf4 41. Be7 Bh6 42. Bd8 Bf8 43. Be2 $4 {Hvit vil spille Lxh5, mens overser
svarts matt-trussel} Bd6 $1 ({Her foreslår Fritz} 43... a4 44. c5 a3 45. Qc4
bxc5 46. dxc5 Qc1+ 47. Kg2 $19) 44. Kg1 $2 (44. Kg2 Qh2+ 45. Kf1 Qh1+ 46. Kf2
a4 47. c5 bxc5 $11) 44... Qh2+ 45. Kf1 Bg3 $1 {Hvit taper h-bonden} 46. Qf3 {
Eneste trekk} Qxh3+ 47. Kg1 Bh2+ 48. Kf2 Qxf3+ 49. Kxf3 a4 {[%eval -8,0] Fritz}
50. Bd1 a3 51. Bb3 Bd6 52. Ke4 $2 {Tillater f5# med tap av tempi} f5+ 53. Kd5
Kh6 54. c5 bxc5 55. dxc5 Bg3 $1 {Åpner for h4} 56. Kc6 h4 57. Bxc7 {Her hadde
Lxh4 vært bedre -3-37} Bxc7 {[%eval -745,0]} 58. Kxc7 h3 59. c6 h2 60. Kd8 h1=Q
61. c7 Qa8+ {Eneste trekk. Se hvordan løperen dekker d1 og d5} 62. c8=Q Qxc8+
63. Kxc8 f4 $19 {[%eval -1144,0] Oppgitt. Hvit kan ikke å stanse bøndenes
seiersmarsj.} 0-1

[Event "Klubbmesterskapet 2015 (A)"]
[Site "Ås, Akershus NOR"]
[Date "2015.04.09"]
[Round "8"]
[White "Taranger, Rune"]
[Black "Moberg, Jan Rune"]
[Result "1-0"]
[WhiteElo "1540"]
[BlackElo "1516"]
[PlyCount "81"]
[EventDate "2015.01.15"]

1. c4 b6 2. Nc3 Bb7 3. e4 e6 4. d4 Bb4 5. f3 Qh4+ 6. g3 Qe7 7. a3 Bxc3+ 8. bxc3
d5 9. cxd5 exd5 10. e5 f6 11. f4 c5 12. Bd3 Qf7 13. Nf3 c4 14. Bc2 Nc6 15. a4
Na5 16. Ba3 O-O-O 17. O-O Ne7 18. Re1 Nec6 19. exf6 gxf6 20. Nh4 Kb8 21. Nf5 h5
22. Qf3 Kc7 23. Re2 Bc8 24. Rae1 Rd7 25. Ne7 Nxe7 26. Rxe7 Qg8 27. Bf5 Nc6 28.
Be6 $11 (28. Re8 Qxe8 29. Rxe8 Rxe8 30. Bxd7 Bxd7 31. Qxd5 $18) 28... Nxe7 $18
(28... Rxe7 29. Bxg8 Rxe1+ 30. Kf2 Ra1 $11) 29. Bxg8 Nxg8 30. Re8 h4 31. gxh4
Rg7+ 32. Kh1 Rxh4 33. Qxd5 Bb7 34. Bd6+ Kd7 35. Qxb7+ Kxe8 36. Qxg7 Rg4 37.
Qxg4 Kf7 38. Qd7+ Kg6 39. Qg4+ Kf7 40. Qd7+ Kg6 41. Qc7 1-0

[Event "Klubbmesterskapet 2015 (B)"]
[Site "Ås, Akershus NOR"]
[Date "2015.03.26"]
[Round "8"]
[White "Svebestad, Erlend"]
[Black "Bø, Martin"]
[Result "0-1"]
[WhiteElo "1360"]
[BlackElo "1174"]
[Annotator "Bø, Martin"]
[PlyCount "66"]
[EventDate "2015.01.15"]

1. d4 Nf6 2. Nf3 g6 3. b3 Bg7 4. e3 O-O 5. Bb2 d5 6. Bd3 c5 7. O-O cxd4 8. exd4
Nc6 9. Nbd2 Nb4 10. Be2 Bf5 11. c3 Nd3 12. Bxd3 Bxd3 13. Re1 Ba6 14. Ne5 Nd7
15. Ndf3 f6 16. Nd3 Re8 17. Nb4 Qa5 18. Nxa6 Qxa6 19. Qd2 e5 $2 (19... e6 20.
a4) 20. dxe5 Nxe5 21. Nxe5 fxe5 22. Qxd5+ Kh8 23. c4 Rad8 24. Qe4 Qd6 (24...
Kg8) 25. f4 Qb6+ 26. Kh1 $1 {Viktig trekk} (26. Qe3 $2 Qxe3+ 27. Rxe3 exf4 28.
Rxe8+ Rxe8 29. Bxg7+ Kxg7 $11) (26. Re3 $4 exf4 27. Bxg7+ Kxg7 28. Qxf4 Qxe3+
29. Qxe3 Rxe3 $19) 26... Qf2 27. Re2 Qc5 (27... Qxf4 28. Qxb7 Qg4 29. Qf3 Qxf3
30. gxf3 $18) 28. Bxe5 Bxe5 29. fxe5 Re6 30. Qxb7 Rxe5 31. Rxe5 Qxe5 32. Qxa7
$4 (32. Rf1) 32... Qxa1+ 33. Qg1 Rd1 0-1

[Event "Klubbmesterskapet 2015 (B)"]
[Site "Ås, Akershus NOR"]
[Date "2015.03.26"]
[Round "8"]
[White "Garmark, Vegard"]
[Black "Olsen, Trygve"]
[Result "0-1"]
[WhiteElo "1219"]
[BlackElo "1240"]
[PlyCount "124"]
[EventDate "2015.01.15"]

1. e4 c5 2. c3 Nc6 3. d4 cxd4 4. cxd4 d5 5. e5 e6 6. Nf3 h6 7. Nc3 a6 8. Be3
Nge7 9. Bd3 Nf5 10. Bxf5 exf5 11. Qb3 Nb4 12. Rd1 b5 13. a3 Nc6 14. Qxd5 Bd7
15. Qb3 Na5 16. Qc2 b4 17. Nd5 Rc8 18. Qd2 bxa3 19. bxa3 Bxa3 20. O-O Ba4 21.
Nc3 Bb4 22. Rc1 Bb5 23. Qb2 Bxc3 24. Rxc3 Rxc3 25. Qxc3 Bxf1 26. Kxf1 O-O 27.
Qd2 Qb6 28. d5 Nc4 29. Bxb6 Nxd2+ 30. Nxd2 Ra8 31. Nc4 Rc8 32. Ne3 f4 33. Nf5
Rc1+ 34. Ke2 Rb1 35. Ba5 Rb5 36. Ne7+ Kf8 37. Nc6 Rxd5 38. Kf3 g5 39. Kg4 Rb5
40. Bb4+ Kg7 41. Be7 Kg6 42. Bf6 h5+ 43. Kf3 a5 44. Ne7+ Kh7 45. Ke4 a4 46. Kf5
g4 47. Kxf4 a3 48. f3 gxf3 49. gxf3 Rb6 50. Kf5 a2 51. e6 Rxe6 52. Kg5 Rxe7 53.
Kxh5 Re1 54. Kg5 a1=Q 55. Bxa1 Rxa1 56. f4 Kg7 57. f5 f6+ 58. Kh5 Ra8 59. h3
Rh8+ 60. Kg4 Kh6 61. h4 Rb8 62. Kf4 Rb4+ 0-1

[Event "Klubbmesterskapet 2015 (B)"]
[Site "Ås, Akershus NOR"]
[Date "2015.03.26"]
[Round "8"]
[White "Naasen, Nils"]
[Black "Simonsen, Steinar"]
[Result "1-0"]
[WhiteElo "1239"]
[BlackElo "1300"]
[PlyCount "89"]
[EventDate "2015.01.15"]

1. d4 d5 2. c4 e6 3. Nc3 Nf6 4. Nf3 Be7 5. e3 O-O 6. Qc2 Nc6 7. a3 Bd7 8. c5 b6
9. b4 bxc5 10. dxc5 e5 11. b5 Na5 12. c6 Bg4 13. Nxe5 Qd6 14. Nxg4 Nxg4 15. Qa4
Nc4 16. Bxc4 Qf6 17. Qc2 dxc4 18. Bb2 Qe6 19. Qe2 Ne5 20. O-O Nd3 21. a4 Nxb2
22. Qxb2 Bf6 23. Rac1 a6 24. Qc2 Rfd8 25. Ne4 axb5 26. Nxf6+ Qxf6 27. axb5 Rab8
28. Qxc4 Qe5 29. Rb1 h6 30. Rfc1 Rd5 31. b6 Rdd8 32. g3 Qa5 33. bxc7 Qxc7 34.
Rxb8 Rxb8 35. Qc5 Rc8 36. Kg2 Re8 37. f4 Ra8 38. Kf3 Ra5 39. Qd4 g5 40. Qd7 Ra7
41. Qe8+ Kh7 42. Rd1 Ra6 43. Kg4 f5+ 44. Kh5 Qg7 45. Rd7 1-0

[Event "Klubbmesterskapet 2015 (B)"]
[Site "Ås, Akershus NOR"]
[Date "2015.03.26"]
[Round "8"]
[White "Ruud, Kjetil"]
[Black "Fuglseth, Jan"]
[Result "0-1"]
[WhiteElo "1301"]
[BlackElo "1404"]
[Annotator "Jan Fuglseth"]
[PlyCount "58"]
[EventDate "2015.01.15"]

1. e4 e6 {J'aime bien Francais} 2. d4 d5 3. e5 c5 4. Bb5+ Bd7
5. Bxd7+ Nxd7 6. c3 Ne7 7. Bg5 Qb6 8. b3 {Fritz vil nå og senere gjøre cxd.
Jeg synes det beste måtte være om hvit slår på c5. Hvit ser ut til å dele
dette synet.} Nf5 9. Ne2 Be7 {Sort hadde tenkt å spille hardt på vinst for å
ha mulighet for å vinne B gruppen. Dette trekket minner mer om et remisforslag.
} 10. Bxe7 Nxe7 11. Ng3 Ng6 12. O-O O-O 13. Qg4 f5 {Fritz sier Tac8. Je suis
Charlie!} 14. Qd1 (14. exf6 Nxf6 15. dxc5 Qc6 16. Qg5 Qxc5) 14... Rac8 {Spill
i F-linjen med f4, f3 osv er anbefalt av ekspertene. Sort har dog etter lang
betenkning bestemt seg for å spille i C-linjen. Je suis Charlie!} 15. Na3 Qa5
16. Nb1 {Han lengtet kanskje hjem til stallen?} Rc6 17. f4 Rfc8 {Stillingen er
nå helt =} 18. Qf3 {Lure-Kjetil har en plan om å "ofre" på f5, med sjakk og
bondegevinst. Sort så ikke denne, men slo på d4 likevel fordi en C-linje med
dobbeltårn erså fint å ha :-)} cxd4 19. cxd4 Rc2 20. a3 Nh4 21. Qd3 Rxg2+ 22.
Kh1 Rcc2 23. Rd1 Rxh2+ 24. Kg1 Rcg2+ 25. Kf1 Rf2+ 26. Kg1 Qb5 {En frekkis som
blir avslått elegant. (Det truer matt med Sf3)} 27. Nc3 Qb6 (27... Rfg2+ 28.
Kf1 Nf3 29. Nxb5 Rg1#) 28. Nce2 Qd8 29. Rf1 (29. Rac1 Rhg2+ 30. Kh1 Nf3 31. Nf1
(31. Qxf3 Qh4#) 31... Qh4+ 32. Nh2 Qxh2#) 29... Rfg2# 0-1

[Event "Klubbmesterskapet 2015 (B)"]
[Site "Ås, Akershus NOR"]
[Date "2015.03.30"]
[Round "8"]
[White "Stensland, Martin"]
[Black "Rønbeck, Bjørn"]
[Result "0-1"]
[WhiteElo "1174"]
[BlackElo "1158"]
[PlyCount "124"]
[EventDate "2015.01.15"]

1. Nf3 d5 2. d4 a6 3. c4 Nf6 4. Nc3 dxc4 5. Qa4+ c6 6. Qxc4 b5 7. Qb3 Bg4 8.
Be3 Bxf3 9. exf3 e6 10. a3 Bd6 11. Be2 O-O 12. Ne4 Be7 13. O-O Nd5 14. Bd2 Nd7
15. Rac1 Rc8 16. Rfd1 Qb6 17. Bg5 Qd8 18. Bd2 N7f6 19. Nc5 Ra8 20. Nb7 Qc7 21.
Na5 c5 22. dxc5 Bxc5 23. Kh1 Qa7 24. Qd3 Rfd8 25. Qb1 Bxf2 26. Nb3 Ne3 27. Ba5
Rxd1+ 28. Rxd1 Qb7 29. Rd8+ Rxd8 30. Bxd8 Nfg4 31. Qc1 Nf6 32. Nc5 Qc6 33. Be7
Ned5 34. Bxf6 Nxf6 35. b4 Nd7 36. Qg5 f6 37. Qd2 Nxc5 38. bxc5 Qxc5 39. g3 Qd5
40. Qc3 Bc5 41. Qa5 Qd4 42. Qe1 Bxa3 43. Bf1 Bc5 44. Qxe6+ Kf8 45. Qc8+ Kf7 46.
Qb7+ Kg6 47. Qe4+ Qxe4 48. fxe4 f5 49. e5 Bd4 50. e6 Kf6 51. Kg2 Kxe6 52. Kf3
g5 53. h3 Kd5 54. h4 h6 55. hxg5 hxg5 56. Bd3 Ke5 57. g4 f4 58. Be2 Kd5 59. Bd3
Kc5 60. Ke4 Bf6 61. Kf5 Bd8 62. Ke4 a5 0-1

[Event "Klubbmesterskapet 2015 (C)"]
[Site "Ås, Akershus NOR"]
[Date "2015.04.20"]
[Round "8"]
[White "Heien, Aksel"]
[Black "Thorvaldsen, Thomas"]
[Result "1/2-1/2"]
[WhiteElo "896"]
[BlackElo "1041"]
[Annotator "Thorvaldsen,Idun"]
[PlyCount "131"]
[EventDate "2015.01.15"]

1. e4 e5 2. Nf3 Nc6 3. Bb5 Nf6 4. O-O Bc5 5. c3 a6 6. Bxc6 dxc6 7. Nxe5 O-O 8.
d4 Bd6 9. Bf4 Nxe4 10. Re1 Bf5 11. f3 Ng5 12. Nd2 c5 13. Qc1 cxd4 14. cxd4 Ne6
15. Bg3 Nxd4 16. Ne4 Re8 17. Nxd6 cxd6 18. Nc4 Rxe1+ 19. Qxe1 Nc2 20. Qd1 Nxa1
21. Qxa1 d5 22. Ne3 Bg6 23. Qd1 d4 24. Ng4 d3 25. Bf4 d2 (25... Qd4+ 26. Be3
Qxb2) 26. Bxd2 h5 (26... Qd4+ 27. Ne3 Rd8) 27. Ne3 Qd3 28. Bc1 Qxd1+ 29. Nxd1
Rc8 30. Nc3 Kf8 31. Be3 Ke7 32. Nd5+ Kd6 33. Nf4 Re8 34. Kf2 Rc8 35. Bd4 Rc4
36. Ke3 Bb1 37. a3 g6 38. h4 b5 39. b3 Rc8 40. g4 hxg4 41. fxg4 b4 42. axb4 Ba2
43. h5 gxh5 44. gxh5 Bxb3 45. Nd3 Bd1 46. h6 Ke7 47. h7 f6 48. Nf4 Kf7 49. Nd5
Kg7 50. Nxf6 Bc2 51. Ne4+ Kxh7 52. Nc5 Rc6 53. Kd2 Bf5 54. Kc3 Bc8 55. Kb3 Rb6
56. Ka4 Rb5 57. Bc3 Kg6 58. Ne4 Rd5 59. Nc5 Bd7+ 60. Nxd7 Rxd7 61. Ka5 Rd6 62.
Be1 Kf5 63. Bf2 Ke6 64. Bb6 Kd5 65. Kxa6 Kc6 66. b5+ 1/2-1/2

[Event "Klubbmesterskapet 2015 (C)"]
[Site "Ås, Akershus NOR"]
[Date "2015.03.26"]
[Round "8"]
[White "Petersen, Rune J"]
[Black "Lange, Magnus Øyvind"]
[Result "0-1"]
[WhiteElo "861"]
[BlackElo "812"]
[PlyCount "134"]
[EventDate "2015.01.15"]

1. d4 d5 2. Nf3 Nc6 3. e3 Nf6 4. Nc3 Bf5 5. Bd3 Bxd3 6. Qxd3 e6 7. O-O Bb4 8.
a3 Bxc3 9. bxc3 O-O 10. c4 Na5 11. cxd5 exd5 12. Ne5 Re8 13. Bd2 b6 14. Rfb1 c5
15. Bxa5 bxa5 16. c4 Rc8 17. cxd5 Qxd5 18. Rb5 $4 Rxe5 19. Rab1 Rg5 20. g3 g6
21. Qe2 Ne4 22. Rb8 Rxb8 23. Rxb8+ Kg7 24. dxc5 Qxc5 25. Qb2+ Qe5 26. f4 Qxb2
27. Rxb2 Rd5 28. Rb7 Rd3 29. Rxa7 Rxa3 30. Kg2 a4 31. Kf3 Nc5 32. Rc7 Rc3 33.
Ra7 a3 34. Ke2 Kf6 35. Kd2 Ne4+ 36. Kd1 Nf2+ 37. Kd2 Rb3 38. Kc2 Rb2+ 39. Kc3
Nd1+ 40. Kd3 a2 41. Ra6+ Ke7 42. Ra7+ Kd6 43. Ra6+ Kc5 44. Ra5+ Kb4 45. Ra7
Nf2+ 46. Kd4 Kb3 47. e4 Kc2 48. Ke5 Kb1 49. Kf6 a1=Q 50. Rxa1+ Kxa1 51. e5 Ng4+
52. Kxf7 Nxh2 53. e6 Ng4 54. e7 Rb7 55. Kf8 Nf6 56. g4 Rb8+ 57. Kf7 Nxg4 58.
e8=Q Rxe8 59. Kxe8 h5 60. Kf7 h4 61. Kxg6 h3 62. f5 h2 63. Kg5 Ne5 64. f6 h1=Q
65. Kf5 Qh5+ 66. Ke6 Nd7 67. Kxd7 Qf7+ 0-1

[Event "Klubbmesterskapet 2015 (A)"]
[Site "Ås, Akershus NOR"]
[Date "2015.04.16"]
[Round "9"]
[White "Moberg, Jan Rune"]
[Black "Holm, Bjarne"]
[Result "1-0"]
[WhiteElo "1516"]
[BlackElo "1547"]
[PlyCount "79"]
[EventDate "2015.01.15"]

1. d4 Nf6 2. Bg5 d5 3. e3 h6 4. Bh4 e6 5. Bd3 c5 6. c3 c4 7. Be2 Bd7 8. Nd2 b5
9. Ngf3 Be7 10. Ne5 Nc6 11. Nxd7 Qxd7 12. f3 e5 13. O-O a5 14. Qc2 Rd8 15. Rad1
Qe6 16. Rde1 O-O 17. Bd1 g5 18. Bf2 Ne8 19. dxe5 Nxe5 20. Be2 f5 21. f4 Ng6 22.
Bh5 g4 23. h3 gxh3 24. Nf3 Ng7 25. Nd4 Qf6 26. g4 Nh4 27. g5 hxg5 28. Bxh4 gxh4
29. Bf3 Kf7 30. Kh2 Rh8 31. Rg1 Nh5 32. Nxf5 Bf8 33. Rg5 Ng3 34. Nxg3 hxg3+ 35.
Kh1 g2+ 36. Kh2 Ke8 37. Bh5+ Ke7 38. Rf5 Qh6 39. Rf7+ Kd6 40. Qg6+ {svart
tapte på tid.} 1-0

[Event "Klubbmesterskapet 2015 (A)"]
[Site "Ås, Akershus NOR"]
[Date "2015.04.16"]
[Round "9"]
[White "Kielland-Lund, Jon"]
[Black "Taranger, Rune"]
[Result "1/2-1/2"]
[WhiteElo "1547"]
[BlackElo "1572"]
[PlyCount "82"]
[EventDate "2015.01.15"]

1. c4 f5 2. Nf3 Nf6 3. g3 e6 4. Bg2 c6 5. d4 d5 6. O-O Bd6 7. c5 Bc7 8. b4 a5
9. Bd2 Ne4 10. Be1 b6 11. cxb6 Bxb6 12. Ne5 axb4 13. Bxb4 c5 14. dxc5 Bxc5 15.
Bxc5 Nxc5 16. e3 O-O 17. Nd2 Ba6 18. Re1 Nbd7 19. Ndf3 Nxe5 20. Nxe5 Qd6 21. f4
Ne4 22. Bf1 Bxf1 23. Kxf1 Ra3 24. Kg1 Rfa8 25. Qc2 Qa6 26. Qe2 Rxa2 27. Rxa2
Qxa2 28. Qxa2 Rxa2 29. Rb1 Ra8 30. Rb6 Re8 31. Kg2 Kf8 32. h3 Re7 33. g4 fxg4
34. hxg4 g6 35. g5 Kg7 36. Rc6 h6 37. gxh6+ Kxh6 38. Kf3 Kg7 39. Rc2 Kf6 40.
Rg2 Rg7 41. Ng4+ Kf7 1/2-1/2

[Event "Klubbmesterskapet 2015 (A)"]
[Site "Ås, Akershus NOR"]
[Date "2015.04.16"]
[Round "9"]
[White "Lange, Holger"]
[Black "Furnes, Torstein"]
[Result "1/2-1/2"]
[WhiteElo "1587"]
[BlackElo "1681"]
[PlyCount "50"]
[EventDate "2015.01.15"]

1. d4 d5 2. c4 e6 3. Nc3 Nf6 4. Bg5 Be7 5. e3 O-O 6. Nf3 h6 7. Bh4 b6 8. Bd3
dxc4 9. Bxc4 Bb7 10. O-O Nbd7 11. Rc1 c5 12. Be2 Rc8 13. Qa4 a5 14. Rfd1 Nd5
15. Nxd5 Bxh4 16. Nc3 Bc6 17. Qc2 Qe7 18. d5 exd5 19. Nxd5 Bxd5 20. Rxd5 Bf6
21. Rcd1 Rfd8 22. Qd2 Nf8 23. Rxd8 Rxd8 24. Qxd8 Qxd8 25. Rxd8 Bxd8 1/2-1/2